Memoria, afectos y género en documentales argentinos y chilenos /
La reflexión sobre el pasado, en particular sobre el quiebre social y subjetivo que las dictaduras argentina y chilena implicaron, vuelve a reaparecer en el imaginario visual contemporáneo desde diversos ángulos y experiencias femeninas que tienen como denominar común la vinculación de la identidad...
Guardado en:
| Autor principal: | |
|---|---|
| Formato: | Libro |
| Lenguaje: | Spanish |
| Materias: | |
| Etiquetas: |
Agregar Etiqueta
Sin Etiquetas, Sea el primero en etiquetar este registro!
|
MARC
| LEADER | 00000nam a22000007a 4500 | ||
|---|---|---|---|
| 003 | cru CIDCACS/IIS | ||
| 005 | 20171113113929.0 | ||
| 007 | ta | ||
| 008 | 170223s2012 nq ||||| |||| 00| 0 spa d | ||
| 999 | |c 18931 |d 18931 | ||
| 040 | |c cru CIDCACS/IIS | ||
| 100 | 1 | |9 3099 |a Llanos, Bernardita | |
| 245 | 1 | |a Memoria, afectos y género en documentales argentinos y chilenos / |c Bernardita Llanos | |
| 300 | |a páginas 93-101 | ||
| 520 | |a La reflexión sobre el pasado, en particular sobre el quiebre social y subjetivo que las dictaduras argentina y chilena implicaron, vuelve a reaparecer en el imaginario visual contemporáneo desde diversos ángulos y experiencias femeninas que tienen como denominar común la vinculación de la identidad personal, en particular de género, con la militancia política de la izquierda (de los padres o compañeros) durante la década de los setenta, desde el punto de vista del artículo, una identidad autoritaria patriarcal legitimada en la utopía revolucionaria. El discurso autobiográfico en documentales de mujeres chilenas y argentinas presenta una mirada crítica sobre la propia identidad y su relación con el pasado en tanto legado traspasado por la utopía revolucionaria y la dictadura militar. En este sentido, el documental, como género, sufre una modificación radical, al resignificar el pasado y el presente a partir de la propia subjetividad encarnada en una memoria problemática y herida. En este artículo se propone que la sujeto posiciona su relato del pasado bajo tres modalidades 1- la primera constituye a la sujeto en un relato y memoria vicaria, 2- la segunda es una modalidad de agencia denominada metamemoria y la 3- es una memoria solidaria sacrificial. KDV/131117 | ||
| 650 | 1 | 0 | |9 131 |a DICTADURA |
| 650 | 0 | |9 4620 |a IDENTIDAD | |
| 650 | 1 | 0 | |9 964 |a GENERO |
| 650 | 1 | 0 | |9 137 |a REVOLUCION |
| 650 | 1 | 0 | |9 631 |a BIOGRAFIAS |
| 650 | 0 | |9 4915 |a PATRIARCADO | |
| 650 | 0 | |9 5366 |a MEMORIA | |
| 650 | 0 | |9 5348 |a SUBJETIVIDAD | |
| 651 | 0 | |9 3346 |a ARGENTINA | |
| 651 | 1 | 0 | |9 135 |a CHILE |
| 773 | 0 | |0 18927 |9 300 |a Universidad Centroamericana. |d Managua, Nicaragua IHNCA-UCA |o R19207 |t Revista de Historia / |x 10174680 | |
| 942 | |2 ddc |c PP | ||
